The leader who had no title (Record no. 4042)

MARC details
000 -LEADER
fixed length control field 01463cim a2200385 a 4500
001 - CONTROL NUMBER
control field 16437306
003 - CONTROL NUMBER IDENTIFIER
control field OSt
005 - DATE AND TIME OF LATEST TRANSACTION
control field 20241108123211.0
007 - PHYSICAL DESCRIPTION FIXED FIELD--GENERAL INFORMATION
fixed length control field sd fsngnnmmned
008 - FIXED-LENGTH DATA ELEMENTS--GENERAL INFORMATION
fixed length control field 100827s2010 nyunnn| i | eng d
010 ## - LIBRARY OF CONGRESS CONTROL NUMBER
LC control number 2010620588
020 ## - INTERNATIONAL STANDARD BOOK NUMBER
International Standard Book Number 9781442334311
020 ## - INTERNATIONAL STANDARD BOOK NUMBER
International Standard Book Number 9781847378774
020 ## - INTERNATIONAL STANDARD BOOK NUMBER
International Standard Book Number 1442334312
024 3# - OTHER STANDARD IDENTIFIER
Standard number or code 9781442334311
035 ## - SYSTEM CONTROL NUMBER
System control number (OCoLC)ocn471820531
040 ## - CATALOGING SOURCE
Original cataloging agency BTCTA
Language of cataloging eng
Transcribing agency BTCTA
Modifying agency CPL
-- TEF
-- DLC
042 ## - AUTHENTICATION CODE
Authentication code lccopycat
050 00 - LIBRARY OF CONGRESS CALL NUMBER
Classification number SDB 95054
082 ## - DEWEY DECIMAL CLASSIFICATION NUMBER
Classification number 206
Item number SHA 2010
100 1# - MAIN ENTRY--PERSONAL NAME
Personal name Sharma, Robin S.
Fuller form of name (Robin Shilp),
Dates associated with a name 1964-
245 14 - TITLE STATEMENT
Title The leader who had no title
Statement of responsibility, etc. Robin Sharma.
246 1# - VARYING FORM OF TITLE
Title proper/short title Modern fable on real success in business and in life
260 ## - PUBLICATION, DISTRIBUTION, ETC. (IMPRINT)
Place of publication, distribution, etc. New York :
Name of publisher, distributor, etc. Simon & Schuster,
Date of publication, distribution, etc. 2010.
300 ## - PHYSICAL DESCRIPTION
Extent xiv, 203p
520 ## - SUMMARY, ETC.
Summary, etc. Leadership expert Shirma offers insights on: how to influence people; how to recognize and seize opportunities in times of change; the secrets of innovation; how to build teams and win over customers; how to gain the strength to become a leader in a given field; how to defeat stress, build an unbeatable mindset, unleash energy, and create balance.
650 #0 - SUBJECT ADDED ENTRY--TOPICAL TERM
Topical term or geographic name as entry element Leadership.
650 #0 - SUBJECT ADDED ENTRY--TOPICAL TERM
Topical term or geographic name as entry element Success in business.
655 #7 - INDEX TERM--GENRE/FORM
Genre/form data or focus term Audiobooks.
Source of term lcgft
700 1# - ADDED ENTRY--PERSONAL NAME
Personal name Graham, Holter.
Relator code nrt
710 2# - ADDED ENTRY--CORPORATE NAME
Corporate name or jurisdiction name as entry element Simon & Schuster Audio (Firm)
906 ## - LOCAL DATA ELEMENT F, LDF (RLIN)
a 7
b cbc
c copycat
d 2
e ncip
f 20
g y-soundrec
942 ## - ADDED ENTRY ELEMENTS (KOHA)
Source of classification or shelving scheme Dewey Decimal Classification
Koha item type Books
Holdings
Withdrawn status Lost status Source of classification or shelving scheme Damaged status Not for loan Home library Current library Date acquired Total Checkouts Full call number Barcode Date last seen Price effective from Koha item type
    Dewey Decimal Classification     Continental House Library Continental House Library 11/04/2024   206 SHA 2020 2024-0005 11/08/2024 11/08/2024 Books
LIBRARY OPENING HOURS

When the Parliament is sitting: 8.00a.m - 7.00p.m or until the house adjourns
Mondays and Fridays and when the House is on Recess:  8.00a.m - 5.00p.m
Closed on Weekends and Public Holidays

Online Public Access Catalog (OPAC)
Website: http://www.parliament.go.ke
Bunge Library: https://libraryir.parliament.go.ke
Contact: library@parliament.go.ke | Tel no: (254-2)2221291 or 2848000 Ext 5043